000 00632cam a22001931 4500
001 sd 44000039
003 DLC
005 20260227112734.0
008 080111s1944 sw 000 0 eng
010 _asd 44000039
040 _aDLC
_cDLC
_dDLC
050 0 0 _aD802. N7
_bL5
100 1 _aBorgen, Johan,
_d1902-1979.
245 1 0 _aDet nytter, av Helge Lind [pseud.] Översättning från det norska manuskriptet av Barbro Alving.
260 _aStockholm,
_bP.A. Norstedt & söners
_c[1944]
300 _a115, [1] p., 1 l.
_c20 cm.
651 0 _aNorway
_xHistory
_yGerman occupation, 1940-1945.
700 1 _aAlving, Barbro,
_d1909-
_etr.
999 _c89930
_d89930